Postkoloniale Theologien II: Perspektiven aus dem deutschsprachigen Raum
Deckblatt -- Titelseite -- Impressum -- Inhaltsverzeichnis -- Postkoloniale Theorien und die Theologie. Themen, Debatten und Forschungsstand zur Einführung -- 1. Systematische Verortungen -- 2. Interkulturelle und Religionstheologische Perspektiven -- 3. Exegetische Ansätze -- 4. Kirchengeschichtlic...
| Main Author: | |
|---|---|
| Contributors: | ; ; ; ; ; ; ; ; |
| Format: | Electronic Book |
| Language: | German |
| Subito Delivery Service: | Order now. |
| Check availability: | HBZ Gateway |
| WorldCat: | WorldCat |
| Interlibrary Loan: | Interlibrary Loan for the Fachinformationsdienste (Specialized Information Services in Germany) |
| Published: |
Stuttgart
Kohlhammer Verlag
2017
|
| In: | Year: 2017 |
| Standardized Subjects / Keyword chains: | B
German language area
/ Postcolonialism
/ Contextual theology
|
| Further subjects: | B
Postcolonialism-Germany
B Electronic books |
| Online Access: |
Volltext (lizenzpflichtig) |
| Parallel Edition: | Erscheint auch als: Auga, Ulrike: Postkoloniale Theologien II : Perspektiven aus dem deutschsprachigen Raum. - Stuttgart : Kohlhammer Verlag,c2017. - 9783170325715 |
MARC
| LEADER | 00000cam a22000002c 4500 | ||
|---|---|---|---|
| 001 | 1011006359 | ||
| 003 | DE-627 | ||
| 005 | 20260411202027.0 | ||
| 007 | cr uuu---uuuuu | ||
| 008 | 180117s2017 xx |||||o 00| ||ger c | ||
| 020 | |a 9783170325722 |q : electronic bk. |9 978-3-17-032572-2 | ||
| 020 | |z 9783170325715 | ||
| 035 | |a (DE-627)1011006359 | ||
| 035 | |a (DE-599)GBV1011006359 | ||
| 035 | |a (OCoLC)1025311019 | ||
| 035 | |a (EBL)5210711 | ||
| 035 | |a (EBR)11491522 | ||
| 035 | |a (EBC)EBC5210711 | ||
| 035 | |a (DE-627-1)036741531 | ||
| 035 | |a (EBR)ebr11491522 | ||
| 035 | |a (EBL)EBL5210711 | ||
| 040 | |a DE-627 |b ger |c DE-627 |e rda | ||
| 041 | |a ger | ||
| 082 | 0 | |a 338.91430676 | |
| 084 | |a 1 |2 ssgn | ||
| 100 | 1 | |a Auga, Ulrike |4 aut | |
| 245 | 1 | 0 | |a Postkoloniale Theologien II |b Perspektiven aus dem deutschsprachigen Raum |
| 264 | 1 | |a Stuttgart |b Kohlhammer Verlag |c 2017 | |
| 300 | |a 1 Online-Ressource (321 pages) | ||
| 336 | |a Text |b txt |2 rdacontent | ||
| 337 | |a Computermedien |b c |2 rdamedia | ||
| 338 | |a Online-Ressource |b cr |2 rdacarrier | ||
| 520 | |a Deckblatt -- Titelseite -- Impressum -- Inhaltsverzeichnis -- Postkoloniale Theorien und die Theologie. Themen, Debatten und Forschungsstand zur Einführung -- 1. Systematische Verortungen -- 2. Interkulturelle und Religionstheologische Perspektiven -- 3. Exegetische Ansätze -- 4. Kirchengeschichtliche Zugangsweisen -- 5. Praktisch-Theologische Anknüpfungspunkte -- 6. Ausblick und Dank -- Wider die Entinnerung. Zur postkolonialen Kritik hegemonialer Wissenspolitiken in der Theologie -- 1. Zum Einstieg: Anekdotische Beobachtungen zu Macht/Wissensproduktion in der deutschsprachigen Theologie -- 2. Postkoloniale Theorie als Reflexion von Macht/Wissen -- 3. Möglichkeiten der theologischen Rezeption von Postkolonialer Theorie -- 4. Theologie als postkoloniale Kritik -- Ambivalenzen der Partizipation. Theologische Reflexionen zur Teilhabe unter postkolonialen Bedingungen -- 1. Die conditio nigra als Ausdruck exklusiver Partizipation der Privilegierten -- 2. Nicht-exklusive Partizipation aus christlicher Perspektive -- 3. Ambivalente Partizipation / mehrfache Zugehörigkeit in Theologie und Gesellschaft -- 4. Fazit -- Dekolonisierte Eschatologie. Ein Versuch der Veränderung christlicher Zeitlichkeitsvorstellungen -- 1. Die Entfaltung des apokalyptischen Skripts -- 2. De/colón/isierung der Eschatologie -- 3. Christliche Zeitlichkeiten anders denken -- Postkoloniale Theologie nach der Shoah? Eine Analyse von Täter- und Opfer-Vorstellungen als Beitrag zu einer postkolonialen Theologie in Deutschland -- 1. Eine Analyse von Täter- und Opfer-Vorstellungen -- 2. Konsequenzen für eine postkoloniale Theologie in Deutschland -- 3. Opferkonzeptualisierungen in der postkolonialen Theologie Mayra Riveras -- Dekolonisierung des öffentlichen Raumes. Eine Herausforderung von Bonhoeffers und Spivaks Konzepten von Widerstand, ‚Religion' und ‚Geschlecht' -- 1. Einführung. | ||
| 601 | |a Theologie | ||
| 601 | |a Perspektive | ||
| 650 | 0 | |a Postcolonialism-Germany | |
| 650 | 4 | |a Electronic books | |
| 689 | 0 | 0 | |d g |0 (DE-588)4070370-8 |0 (DE-627)104529369 |0 (DE-576)209180447 |2 gnd |a Deutsches Sprachgebiet |
| 689 | 0 | 1 | |d s |0 (DE-588)4566658-1 |0 (DE-627)306090619 |0 (DE-576)21377948X |2 gnd |a Postkolonialismus |
| 689 | 0 | 2 | |d s |0 (DE-588)4204798-5 |0 (DE-627)105140627 |0 (DE-576)210164611 |2 gnd |a Kontextuelle Theologie |
| 689 | 0 | |5 DE-101 | |
| 700 | 1 | |a Bormann, Lukas |4 oth | |
| 700 | 1 | |a Burlacioiu, Ciprian |4 oth | |
| 700 | 1 | |a Grau, Marion |4 oth | |
| 700 | 1 | |a Gruber, Judith |4 oth | |
| 700 | 1 | |a Hock, Klaus |4 oth | |
| 700 | 1 | |a Jahnel, Claudia |4 oth | |
| 700 | 1 | |a Jarosch, Sabine |4 oth | |
| 700 | 1 | |8 1\p |0 (DE-588)113130058 |0 (DE-627)510497144 |0 (DE-576)289752965 |4 oth |a Nehring, Andreas |d 1957- | |
| 700 | 1 | |8 2\p |0 (DE-588)1036770427 |0 (DE-627)751691143 |0 (DE-576)386829691 |4 oth |a Wiesgickl, Simon | |
| 776 | 1 | |z 9783170325715 | |
| 776 | 0 | 8 | |i Erscheint auch als |n Druck-Ausgabe |a Auga, Ulrike |t Postkoloniale Theologien II : Perspektiven aus dem deutschsprachigen Raum |d Stuttgart : Kohlhammer Verlag,c2017 |z 9783170325715 |
| 856 | 4 | 0 | |u https://ebookcentral.proquest.com/lib/kxp/detail.action?docID=5210711 |m X:EBC |x Aggregator |z lizenzpflichtig |3 Volltext |7 1 |
| 883 | |8 1\p |a cgwrk |d 20241001 |q DE-101 |u https://d-nb.info/provenance/plan#cgwrk | ||
| 883 | |8 2\p |a cgwrk |d 20241001 |q DE-101 |u https://d-nb.info/provenance/plan#cgwrk | ||
| 912 | |a ZDB-30-PQE | ||
| 951 | |a BO | ||
| ELC | |a 1 | ||
| ORI | |a TA-MARC-ixtheo_oa001.raw | ||
| REL | |a 1 | ||
| STA | 0 | 0 | |a Contextual theology,German language area,German language countries,Postcolonialism,Postcolonialism |
| STB | 0 | 0 | |a Postcolonialisme,Postcolonialisme,Théologie contextuelle |
| STC | 0 | 0 | |a Postcolonialismo,Postcolonialismo,Teología contextual |
| STD | 0 | 0 | |a Postocolonialismo,Postcolonialismo,Teologia contestuale |
| STE | 0 | 0 | |a 后殖民主义,后殖民主义,处境神学,场合神学 |
| STF | 0 | 0 | |a 後殖民主義,後殖民主義,處境神學,場合神學 |
| STG | 0 | 0 | |a Pós-colonialismo,Pós-colonialismo,Teologia contextual |
| STH | 0 | 0 | |a Контекстуальное богословие,Постколониализм (мотив),Постколониализм |
| STI | 0 | 0 | |a Μεταποικιοκρατία (μοτίβο),Μεταποικιοκρατία,Συμφραστική θεολογία |
| SUB | |a REL | ||
| SYG | 0 | 0 | |a Deutschsprachige Länder,Deutschsprachiger Raum,Deutschsprachiges Gebiet,Deutscher Sprachraum , Postkolonialität |



